Synergistic effects of expanded nanoclay and carbon black on natural rubber compounds (Record no. 70120)

MARC details
000 -LEADER
fixed length control field 00580nam a2200217Ia 4500
100 ## - MAIN ENTRY--AUTHOR NAME
Personal name Das A
245 #0 - TITLE STATEMENT
Title Synergistic effects of expanded nanoclay and carbon black on natural rubber compounds
260 ## - PUBLICATION, DISTRIBUTION, ETC. (IMPRINT)
Name of publisher Kautschuk Gummi Kunststoffe
Year of publication 2010
300 ## - PHYSICAL DESCRIPTION
Number of Pages 296-302
500 ## - GENERAL NOTE
General note Source Year: 2010
650 ## - SUBJECT ADDED ENTRY--TOPICAL TERM
Topical Term Carbon black
650 ## - SUBJECT ADDED ENTRY--TOPICAL TERM
Topical Term Nanoclay
650 ## - SUBJECT ADDED ENTRY--TOPICAL TERM
Topical Term Reinforcement
650 ## - SUBJECT ADDED ENTRY--TOPICAL TERM
Topical Term Stearic acid
700 ## - ADDED ENTRY--PERSONAL NAME
Personal name Heinrich G
700 ## - ADDED ENTRY--PERSONAL NAME
Personal name Rooj S
700 ## - ADDED ENTRY--PERSONAL NAME
Personal name Stockelhuber K W
700 ## - ADDED ENTRY--PERSONAL NAME
Personal name Wang D Y
942 ## - ADDED ENTRY ELEMENTS (KOHA)
Koha item type Journals
Holdings
Withdrawn status Lost status Damaged status Not for loan Home library Current library Shelving location Date acquired Serial Enumeration / chronology Koha item type
      Journals RRII Library RRII Library Rubber technology 18/01/2011 Volume 63, Issue 08-Jul Journals